Primary teacher education / (Record no. 1022)

000 -LEADER
fixed length control field 00851nam a22001937a 4500
003 - CONTROL NUMBER IDENTIFIER
control field OSt
005 - DATE AND TIME OF LATEST TRANSACTION
control field 20140116120843.0
008 - FIXED-LENGTH DATA ELEMENTS--GENERAL INFORMATION
fixed length control field 121031b xxu||||| |||| 00| 0 eng d
020 ## - INTERNATIONAL STANDARD BOOK NUMBER
International Standard Book Number 8183420575
040 ## - CATALOGING SOURCE
Original cataloging agency LoC
Language of cataloging English
100 ## - MAIN ENTRY--PERSONAL NAME
Personal name Chatterjee, A.
245 ## - TITLE STATEMENT
Title Primary teacher education /
Statement of responsibility, etc Ajoy Chatterjee
260 ## - PUBLICATION, DISTRIBUTION, ETC. (IMPRINT)
Place of publication, distribution, etc New Dehli
Name of publisher, distributor, etc Cresent publishing corporation
Date of publication, distribution, etc 2007
300 ## - PHYSICAL DESCRIPTION
Extent v.;271p.
Other physical details ill
501 ## - WITH NOTE
With note Includes index
505 ## - FORMATTED CONTENTS NOTE
Miscellaneous information Introduction---In-service and Pre-service teacher training --- Contextualizing teaching in rural primary schools --- Operation blackboard --- training for teaching science and mathematics --- Assessment as a part of teaching --- Training needs of teachers --- Phonological training --- teaching, speaking and listening --- teaching, reading and writing.
650 ## - SUBJECT ADDED ENTRY--TOPICAL TERM
Topical term or geographic name as entry element teacher training
942 ## - ADDED ENTRY ELEMENTS (KOHA)
Source of classification or shelving scheme
Koha item type Book
Holdings
Withdrawn status Lost status Source of classification or shelving scheme Damaged status Not for loan Home library Current library Date acquired Total Checkouts Full call number Barcode Date last seen Date checked out Copy number Price effective from Koha item type
          Riara University Library Riara University Library 31/10/2012 1 LB1776.B96 2007 3565/12 27/11/2012 27/11/2012 C.1 31/10/2012 Book
          Riara University Library Riara University Library 31/10/2012 1 LB1776.B96 2007 3566/12 27/11/2012 27/11/2012 C.2 31/10/2012 Book
          Riara University Library Riara University Library 31/10/2012 3 LB1776.B96 2007 3564/12 21/09/2023 15/09/2023 C.3 31/10/2012 Book

Riara University Library,
P.O. Box 49940-00100,
Nairobi, Kenya.